Jak si vybrat poradce Praktická příručka
Na minha lista:
| Autor principal: | |
|---|---|
| Outros Autores: | |
| Formato: | Livro |
| Idioma: | tcheco |
| Publicado em: |
Praha
Management Press
1994
|
| Edição: | 1. vyd. |
| Assuntos: | |
| Tags: |
Sem tags, seja o primeiro a adicionar uma tag!
|
MARC
| LEADER | 00000nam a2200000 4500 | ||
|---|---|---|---|
| 001 | c005251 | ||
| 005 | 20221205140704.8 | ||
| 020 | |a 80-85603-46-2 | ||
| 041 | 0 | |a cze | |
| 044 | |a CZ | ||
| 245 | 1 | 0 | |a Jak si vybrat poradce |b Praktická příručka |c Milan Kubr ; Prekl. Zdeněk Drabeš |
| 250 | |a 1. vyd. | ||
| 264 | 1 | |a Praha |b Management Press |c 1994 | |
| 300 | |a 248 s. | ||
| 610 | 2 | 0 | |a poradenstvo |
| 610 | 2 | 0 | |a poradcovia |
| 610 | 2 | 0 | |a služby |
| 610 | 2 | 0 | |a informácie |
| 610 | 2 | 0 | |a problémy globálne |
| 610 | 2 | 0 | |a analýza komplexná |
| 610 | 2 | 0 | |a projekty |
| 610 | 2 | 0 | |a kritériá rozhodovania |
| 610 | 2 | 0 | |a honoráre |
| 610 | 2 | 0 | |a zmluvy |
| 610 | 2 | 0 | |a kontrakty |
| 610 | 2 | 0 | |a kódexy |
| 610 | 2 | 0 | |a adresáre |
| 100 | 1 | |a Kubr, Milan | |
| 700 | 1 | |a Drabeš, Zdeněk | |